Koós Kovács István hagyatéka
Elmentve itt :
| Szerző: | |
|---|---|
| Adatforrás: | Meister |
| Forrásdokumentuma: | Művelődés. - 3 sz., 1992, 8 p. |
| Nyelv: | magyar |
| Kulcsszavak: | irodalomtörténet Zilah KOÓS KOVÁCS István |
| LEADER | 00390nab a2200145 i 4500 | ||
|---|---|---|---|
| 001 | bibPRO00002939 | ||
| 008 | 060524s1992 xx hun | ||
| 040 | |a Sz1 | ||
| 041 | |a hun | ||
| 100 | 1 | |a FEJÉR László | |
| 245 | 1 | 0 | |a Koós Kovács István hagyatéka |c FEJÉR László |
| 695 | |a irodalomtörténet | ||
| 695 | |a Zilah | ||
| 695 | |a KOÓS KOVÁCS István | ||
| 773 | 0 | |t Művelődés. - |g 3 sz., 1992, 8 p. | |